Educación Matemática 2º Educación Básica: texto para el estudiante
Saved in:
| Main Author: | |
|---|---|
| Format: | Book |
| Language: | Spanish |
| Published: |
Santiago
Santillana
2006
|
| Subjects: | |
| Tags: |
Add Tag
No Tags, Be the first to tag this record!
|
MARC
| LEADER | 00000nam a2200000 a 4500 | ||
|---|---|---|---|
| 001 | UCI5599 | ||
| 003 | CL-VaPUC | ||
| 008 | 080404e20060000CL |||||||||||||||||spa|d | ||
| 020 | |a 9561512610 | ||
| 082 | 0 | 4 | |a 372.7 |b RIP |2 21 |
| 100 | 0 | |a Ripamonti Zañartu, María Constanza |e author |9 528091 | |
| 245 | 1 | 0 | |a Educación Matemática 2º Educación Básica: texto para el estudiante |
| 300 | |a 176 p | ||
| 942 | |c BK | ||
| 945 | |d 20080404 00:00:00 |a rbrito | ||
| 260 | |a Santiago |b Santillana |c 2006 | ||
| 650 | 0 | |a Matemáticas |x Enseñanza |9 875527 | |
| 650 | 0 | |a Matemática |9 260235 | |
| 650 | 0 | |a Educación básica |9 224933 | |
| 650 | 0 | |a Sistemas numéricos |9 421917 | |
| 650 | 0 | |a Geometría |9 264063 | |
| 583 | |a last modification |c 20170816 12:51:47 |k Rodrigo Vera | ||
| 999 | |c 329339 |d 329337 | ||
| 952 | |0 0 |1 0 |4 0 |6 372_700000000000000_RIP_2006 |7 0 |8 P |9 413779 |a BIBEDU |b BIBEDU |c BIBEDU_PB |d 2019-11-22 |i 443479K |o 372.7 RIP 2006 |p 443479K |r 2024-01-25 |w 2019-11-22 |y BK |k EBA | ||
| 952 | |0 0 |1 0 |4 0 |6 372_700000000000000_RIP_2006 |7 0 |8 P |9 413780 |a BIBEDU |b BIBEDU |d 2019-11-22 |i 4463412 |o 372.7 RIP 2006 |p 4463412 |r 2019-11-22 |w 2019-11-22 |y BK |k EDU | ||
| 952 | |0 0 |1 0 |4 0 |6 372_700000000000000_RIP_2006 |7 0 |8 P |9 413783 |a BIBEDU |b BIBEDU |d 2019-11-22 |i 4463463 |o 372.7 RIP 2006 |p 4463463 |r 2019-11-22 |w 2019-11-22 |y BK |k EDU | ||